| 000 | 00566nam a2200217 a 4500 | ||
|---|---|---|---|
| 001 | 000047435 | ||
| 003 | DO-SdBNP | ||
| 005 | 20220520094542.0 | ||
| 007 | ta | ||
| 008 | 180529s2016 dr cg r 000 0 spa d | ||
| 020 | _a9789945585117 | ||
| 040 |
_aDO-SdBNP _bspa _cBNPHU |
||
| 082 | 4 | _222 | |
| 245 | 0 | 0 | _aPor el rescate de los valores patrios. |
| 250 | _a5a ed. | ||
| 260 |
_aSanto Domingo : _bPoder judicial, _c2016. |
||
| 300 |
_a40 p. : _bretrs., mús. ; _c22 cm. |
||
| 504 | _aBibliografía : p. 40 | ||
| 590 | _aInventariado, 2018/BT | ||
| 942 |
_2ddc _cLBS1 |
||
| 999 |
_c46923 _d46923 |
||